Normal view
MARC view
Entry Personal Name
001 - CONTROL NUMBER
- control field: 6102
003 - CONTROL NUMBER IDENTIFIER
- control field: OSt
005 - DATE AND TIME OF LATEST TRANSACTION
- control field: 20151111154043.0
008 - FIXED-LENGTH DATA ELEMENTS
- fixed length control field: 151111|| aca||aabn | a|a d
040 ## - CATALOGING SOURCE
- Original cataloging agency: OSt
- Transcribing agency: OSt
100 ## - HEADING--PERSONAL NAME
- Personal name: Lewin, Jonathan.
670 ## - SOURCE DATA FOUND
- Source citation: Work cat.: (OSt)2519: Lewin, Jonathan., An interactive introduction to mathematical analysis /, 2003.
